| 000 | 00662nam a2200205Ia 4500 | ||
|---|---|---|---|
| 005 | 20250508155213.0 | ||
| 008 | 008 250505s9999 xx 000 0 eng d | ||
| 037 | _aTextual | ||
| 040 |
_aFEDL _beng _cFEDL |
||
| 041 |
_aeng _2eng |
||
| 084 |
_a371.71, KUN _qFEDL |
||
| 100 | _aKuvalayananda | ||
| 245 | 0 | _aYogic therapy: Its basic principles and methods | |
| 245 | 0 | _cCentral Health Education Bureau Directorate General of Health Services Ministry of Health | |
| 260 |
_aNew Delhi, India _bGovernment of India _c1963 |
||
| 300 | _aviii,96p. | ||
| 700 |
_a Vinekar S L _9766759 |
||
| 942 |
_cTEXL _h371.71, KUN |
||
| 999 |
_c1355195 _d1355195 |
||